| 000 | 00511cam a22002171 4500 | ||
|---|---|---|---|
| 001 | sa 68004213 | ||
| 003 | DLC | ||
| 005 | 20260227112500.0 | ||
| 008 | 941010q19581959np 000 1 newo | ||
| 010 | _asa 68004213 | ||
| 025 | _aPL480:N-242 | ||
| 035 | _a(OCoLC)31253529 | ||
| 040 |
_aDLC _cCU _dCU _dDLC |
||
| 042 | _apremarc | ||
| 050 | 0 | 0 |
_aPL3801.N59 _bI75 |
| 100 | 0 |
_aIshwara Nanda, _d1928- |
|
| 245 | 1 | 0 | _aThaḥguchem̐. |
| 260 | _c[1958 or 9] | ||
| 300 |
_a77 p. _c18 cm. |
||
| 500 | _aIn Newari. | ||
| 999 |
_c80049 _d80049 |
||